01191nam a22002657a 4500003000400000005001700004008004100021040001100062082001400073100002900087245001400116260012900130300002300259490002600282505020600308505010500514505003200619505003100651505003300682505002200715650004500737650004400782650005500826650004400881OSt20230516103520.0230516b |||||||| |||| 00| 0 eng d cLado V 2708aK82f aKontova, Helenaeeditora aFlashArt/ aAustraliaaAustriaaBelgicaaCanadaaFranciaaAlemaniaaGran BretañaaHolandaaItaliaaEspañaaIrlandabGEA POLITIc2002 a112p.c20.5x27.5cm a223vXXXIVx0394-1493 aFlash Art NewstParis Now Hugo Boss Prize Matthew Barney At the Galleries Spring Book Report Manifesta IV Preliminary List Theory Aperto las Vegas Cityscape Manila Group Shows New York Cut Up aFeaturestPawel Althamer Peter Davis Christian Jankowski Rona Pondick Roni Horn Focus Hong Kong aGlobal ArtrTrisha Donnelly aOuverturesrJonas Dahlberg aSpotlightstUnpacking Europe aFlash Art Reviews 2Tesauro de Arte & ArquitecturaaCATALOGO 2Tesauro de Arte & ArquitecturaaREVISTA 2Tesauro de Arte & ArquitecturaaARTE INTERNACIONAL 2Tesauro de Arte & ArquitecturaaCRITICA